Números y formas : (Registro nro. 14734)

Detalles MARC
000 -LIDER
fixed length control field 01123nam a2200313 a 4500
001 - NÚMERO DE CONTROL
Identificador de número de control 0000428
003 - IDENTIFICACDOR DE NÚMERO DE CONTROL
control field DO-SdBNP
005 - DATE AND TIME OF LATEST TRANSACTION
control field 20240715122326.0
007 - CAMPOS FIJOS DE DESCRIPCIÓN FÍSICA
fixed length control field 0000428
008 - ELEMENTOS DE LONGITUD FIJA
fixed length control field 091125s2005 sp a 000 0 spa d
020 ## - ISBN
International Standard Book Number 8434225255
040 ## - FUENTE DE CATALOGACIÓN
Agencia que crea de manera original el registro BPMSU
Idioma de catalogación spa
Agencia que realiza la transcripción BPMSU
082 #4 - NÚMERO DE CLASIFICACIÓN DECIMAL DE DEWEY
Classification number 745.5
Item number M378n 2005
Edition number 22
100 1# - ASIENTO PRINCIPAL -- NOMBRE PERSONAL
Nombre personal Martí i Garbayo, Mónica.
245 10 - MENCIÓN DE TITULO
Título Números y formas :
Subtítulo actividades creativas para la educación infantil /
Mención de responsabilidad textos y realización de ejercicios Mónica Martí i Garbayo e Isabel Sanz Muelas ; ilustraciones Jairo Ribero ; fotografías Estudio Nos [and] Soto, Corel.
250 ## - MENCIÓN DE EDICION
Materiales especificados 2a. ed.
260 ## - PUBLICACIÓN, DISTRIBUCIÓN, ETC. (PIE DE IMPRENTA)
Lugar de publicación, distribución, etc Colombia :
Nombre del editor, distribuidor, etc. Parramón Ediciones,
Fecha de publicación, distribución, etc 2005
300 ## - DESCRIPCIÓN FÍSICA
Extensión 48 p. :
Otros detalles físicos il. ;
Dimensiones 29 cm.
Material complementario
490 0# - MENCIÓN DE SERIES
Mención de serie Manitas artísticas
590 ## - NOTA LOCAL
Texto de la nota local Inventariado, 2024/VM
650 #4 - ENCABEZAMIENTO DE MATERIA--TEMÁTICO
Término temático o nombre geográfico como elemento de entrada Trabajos manuales (Educación)
650 #4 - ENCABEZAMIENTO DE MATERIA--TEMÁTICO
Término temático o nombre geográfico como elemento de entrada Actividades creativas y trabajo de clase
650 #4 - ENCABEZAMIENTO DE MATERIA--TEMÁTICO
Término temático o nombre geográfico como elemento de entrada Artesanías.
700 1# - ASIENTO SECUNDARIO -- NOMBRE PERSONAL
Nombre personal Sanz Muelas, Isabel.
Mención de responsabilidad autor
700 1# - ASIENTO SECUNDARIO -- NOMBRE PERSONAL
Nombre personal Ribero, Jairo
Mención de responsabilidad ilustraciones
710 2# - ASIENTO SECUNDARIO -- NOMBRE CORPORATIVO
Nombre corporativo o de jurisdicción Parramón Ediciones
910 ## - VALIDACIÓN
Validación VMateo V. Control de calidad. BPMSU
942 ## - ADDED ENTRY ELEMENTS (KOHA)
Source of classification or shelving scheme Dewey Decimal Classification
Koha item type Libros
Existencias
Withdrawn status Lost status Source of classification or shelving scheme Damaged status Not for loan Collection code Home library Current library Date acquired Source of acquisition Total Checkouts Full call number Barcode Date last seen Price effective from Koha item type
    Dewey Decimal Classification     Colección Infantil General Biblioteca Pública Metropolitana Salomé Ureña Biblioteca Pública Metropolitana Salomé Ureña 07/15/2024 Compra   BPMSU CGI 745.5 M378n 2005 BPMSU24070076 07/15/2024 07/15/2024 Libros